| 000 | 00406nam a22001697a 4500 | ||
|---|---|---|---|
| 999 |
_c14709 _d14709 |
||
| 020 | _a8121924502 | ||
| 020 | _a9788121924504 | ||
| 082 |
_a621.381 _bMEH/PR |
||
| 100 |
_aMehta V.K _91241 |
||
| 100 |
_aRohit Mehta _91242 |
||
| 245 | _aPrinciples of Electronics | ||
| 250 | _a11 | ||
| 260 |
_aNew Delhi _bS.Chand & Company _c2013 |
||
| 300 | _a778 | ||
| 500 | _aMulticolour Revised Edition | ||
| 942 | _cBBS | ||